000 00893nam a2200181 a 4500
001 000342979
003 AM-YEHGA
005 20250618080036.0
008 040614s1962 ||||||||||||||||||||rus d
040 _aAM-YeHGA
041 0 _arus
245 0 0 _aДокументы пролетарской солидарности :
_bСборник документов о содружестве трудящихся Советского Союза с трудящимися стран Азии, Африки и Латинской Америки в 1918-1961 годах /
_cСост. Н.С. Исаев (отв. сост. и авт. предисл.) и др.
260 _aМосква :
_bПрофиздат,
_c1962.
300 _a208 с.
650 1 4 _aՄիջազգային քաղաքականություն.
_9621
700 1 _aИсаев, Н.С.
_eсост.
_4com
_eпредисл.
_4aui
090 _c526345
999 _c522746
_d522746